<?xml version="1.0" encoding="UTF-8"?>
<record
    xmlns:xsi="http://www.w3.org/2001/XMLSchema-instance"
    xsi:schemaLocation="http://www.loc.gov/MARC21/slim http://www.loc.gov/standards/marcxml/schema/MARC21slim.xsd"
    xmlns="http://www.loc.gov/MARC21/slim">

  <leader>00554nam a22001337a 4500</leader>
  <datafield tag="040" ind1=" " ind2=" ">
    <subfield code="c">RAU</subfield>
  </datafield>
  <datafield tag="082" ind1=" " ind2=" ">
    <subfield code="a">AGR RA 2011 B049 Or.1</subfield>
  </datafield>
  <datafield tag="100" ind1=" " ind2=" ">
    <subfield code="a">RA, YANITH.</subfield>
  </datafield>
  <datafield tag="245" ind1=" " ind2=" ">
    <subfield code="a">Utilazation of different rate of urea fertilizer on lettuce, &#x1780;&#x17B6;&#x179A;&#x1794;&#x17D2;&#x179A;&#x17BE;&#x1794;&#x17D2;&#x179A;&#x17B6;&#x179F;&#x17CB;&#x1780;&#x17C6;&#x179A;&#x17B7;&#x178F;&#x1787;&#x17B8;&#x17A2;&#x17CA;&#x17BB;&#x1799;&#x179A;&#x17C9;&#x17C1;&#x1781;&#x17BB;&#x179F;&#x17D7;&#x1782;&#x17D2;&#x1793;&#x17B6; &#x179B;&#x17BE;&#x178A;&#x17C6;&#x178E;&#x17B6;&#x17C6;&#x179F;&#x17B6;&#x179B;&#x17B6;&#x178A;</subfield>
  </datafield>
  <datafield tag="260" ind1=" " ind2=" ">
    <subfield code="a">Phnom Penh</subfield>
    <subfield code="b">RUA</subfield>
    <subfield code="c">2011</subfield>
  </datafield>
  <datafield tag="300" ind1=" " ind2=" ">
    <subfield code="a">X,  42p.</subfield>
    <subfield code="b">ill.</subfield>
    <subfield code="c">29cm.</subfield>
  </datafield>
  <datafield tag="856" ind1=" " ind2=" ">
    <subfield code="u">https://drive.google.com/file/d/1aLWFj6IX4Fv2zpEmlWMv6o-_yira3bFZ/view?usp=sharing</subfield>
  </datafield>
  <datafield tag="942" ind1=" " ind2=" ">
    <subfield code="c">AGR</subfield>
  </datafield>
  <datafield tag="999" ind1=" " ind2=" ">
    <subfield code="c">1279</subfield>
    <subfield code="d">1279</subfield>
  </datafield>
  <datafield tag="952" ind1=" " ind2=" ">
    <subfield code="0">0</subfield>
    <subfield code="1">0</subfield>
    <subfield code="2">ddc</subfield>
    <subfield code="4">0</subfield>
    <subfield code="6">AGR_RA_2011_000000000000000_B049_OR_1</subfield>
    <subfield code="7">0</subfield>
    <subfield code="9">5457</subfield>
    <subfield code="a">LBB</subfield>
    <subfield code="b">LBB</subfield>
    <subfield code="c">B049</subfield>
    <subfield code="d">2015-09-26</subfield>
    <subfield code="l">13</subfield>
    <subfield code="o">AGR RA 2011 B049 Or.1</subfield>
    <subfield code="p">RUA006254</subfield>
    <subfield code="r">2019-10-04</subfield>
    <subfield code="s">2019-07-12</subfield>
    <subfield code="w">2015-09-26</subfield>
    <subfield code="y">AGR</subfield>
  </datafield>
  <datafield tag="952" ind1=" " ind2=" ">
    <subfield code="0">0</subfield>
    <subfield code="1">0</subfield>
    <subfield code="2">ddc</subfield>
    <subfield code="4">0</subfield>
    <subfield code="6">AGR_RA_2011_000000000000000_B049_OR_2</subfield>
    <subfield code="7">0</subfield>
    <subfield code="9">5458</subfield>
    <subfield code="a">LBB</subfield>
    <subfield code="b">LBB</subfield>
    <subfield code="c">B049</subfield>
    <subfield code="d">2015-09-26</subfield>
    <subfield code="l">7</subfield>
    <subfield code="o">AGR RA 2011 B049 Or.2</subfield>
    <subfield code="p">RUA008530</subfield>
    <subfield code="r">2019-10-05</subfield>
    <subfield code="s">2019-08-20</subfield>
    <subfield code="w">2015-09-26</subfield>
    <subfield code="y">AGR</subfield>
  </datafield>
  <datafield tag="952" ind1=" " ind2=" ">
    <subfield code="0">0</subfield>
    <subfield code="1">0</subfield>
    <subfield code="4">0</subfield>
    <subfield code="6">AGR_RA_2011_000000000000000_B049_OR_3</subfield>
    <subfield code="7">0</subfield>
    <subfield code="9">5459</subfield>
    <subfield code="a">LBB</subfield>
    <subfield code="b">LBB</subfield>
    <subfield code="c">B049</subfield>
    <subfield code="d">2015-09-26</subfield>
    <subfield code="l">1</subfield>
    <subfield code="m">2</subfield>
    <subfield code="o">AGR RA 2011 B049 Or.3</subfield>
    <subfield code="p">RUA40975</subfield>
    <subfield code="r">2023-11-07</subfield>
    <subfield code="s">2023-10-02</subfield>
    <subfield code="y">AGR</subfield>
  </datafield>
  <datafield tag="952" ind1=" " ind2=" ">
    <subfield code="0">0</subfield>
    <subfield code="1">0</subfield>
    <subfield code="2">ddc</subfield>
    <subfield code="4">0</subfield>
    <subfield code="6">AGR_RA_2011_000000000000000_B053_OR_1</subfield>
    <subfield code="7">0</subfield>
    <subfield code="9">6405</subfield>
    <subfield code="a">LBB</subfield>
    <subfield code="b">LBB</subfield>
    <subfield code="c">B053</subfield>
    <subfield code="d">2015-09-29</subfield>
    <subfield code="o">AGR RA 2011 B053 Or.1</subfield>
    <subfield code="p">RUA000438</subfield>
    <subfield code="r">2015-09-29</subfield>
    <subfield code="w">2015-09-29</subfield>
    <subfield code="y">AGR</subfield>
  </datafield>
  <datafield tag="952" ind1=" " ind2=" ">
    <subfield code="0">0</subfield>
    <subfield code="1">0</subfield>
    <subfield code="2">ddc</subfield>
    <subfield code="4">0</subfield>
    <subfield code="6">AGR_RA_2011_000000000000000_B049_OR_1</subfield>
    <subfield code="7">0</subfield>
    <subfield code="9">45637</subfield>
    <subfield code="a">LBB</subfield>
    <subfield code="b">LBB</subfield>
    <subfield code="d">2016-05-17</subfield>
    <subfield code="l">11</subfield>
    <subfield code="o">AGR RA 2011 B049 Or.1</subfield>
    <subfield code="p">RUA043396</subfield>
    <subfield code="r">2023-09-29</subfield>
    <subfield code="s">2023-09-13</subfield>
    <subfield code="w">2016-05-17</subfield>
    <subfield code="y">AGR</subfield>
  </datafield>
  <datafield tag="952" ind1=" " ind2=" ">
    <subfield code="0">0</subfield>
    <subfield code="1">0</subfield>
    <subfield code="4">0</subfield>
    <subfield code="6">AGR_RA_2011_000000000000000_B049_OR_1</subfield>
    <subfield code="7">0</subfield>
    <subfield code="9">96157</subfield>
    <subfield code="a">LBB</subfield>
    <subfield code="b">LBB</subfield>
    <subfield code="d">2023-10-02</subfield>
    <subfield code="o">AGR RA 2011 B049 Or.1</subfield>
    <subfield code="r">2023-10-02</subfield>
    <subfield code="w">2023-10-02</subfield>
    <subfield code="y">AGR</subfield>
  </datafield>
</record>
